Sports Quiz

Random Sports Quiz

Top XIs: Trabzonspor Quiz Stats

 Plays Quiz not verified by Sporcle

Score 0/165 Timer 20:00
0 Plays Today
Season Player % Correct
2017-18Burak Yılmaz
100%
2017-18Onur Kıvrak
97.3%
2015-16Onur Kıvrak
95.9%
2016-17Onur Kıvrak
94.8%
2010-11Burak Yılmaz
94.8%
2011-12Burak Yılmaz
94.8%
2009-10Onur Kıvrak
94.2%
2010-11Onur Kıvrak
94.2%
2012-13Onur Kıvrak
94.2%
2013-14Onur Kıvrak
94.2%
2006-07Umut Bulut
91%
2007-08Umut Bulut
91%
2008-09Umut Bulut
91%
2009-10Umut Bulut
91%
2010-11Umut Bulut
91%
2006-07Tolga Zengin
90.3%
2007-08Tolga Zengin
90.3%
2008-09Selçuk İnan
90.3%
2009-10Selçuk İnan
90.3%
2010-11Selçuk İnan
90.3%
2011-12Tolga Zengin
90.3%
2014-15Sefa Yılmaz
88.4%
2015-16Erkan Zengin
87%
2017-18Olcay Şahan
86.5%
2017-18Yusuf Yazıcı
86.5%
2015-16Aytaç Kara
86.2%
2017-18Abdülkadir Ömür
83.8%
2016-17Olcay Şahan
83.5%
2004-05Gökdeniz Karadeniz
82.6%
2006-07Gökdeniz Karadeniz
82.6%
2007-08Gökdeniz Karadeniz
82.6%
2016-17Yusuf Yazıcı
81.4%
2004-05Ibrahim Yattara
81.3%
2005-06Ibrahim Yattara
81.3%
2007-08Ibrahim Yattara
81.3%
2008-09Ibrahim Yattara
81.3%
2017-18José Sosa
81.1%
2004-05Fatih Tekke
80.6%
2005-06Fatih Tekke
80.6%
2008-09Gustavo Colman
80%
2009-10Gustavo Colman
80%
2010-11Gustavo Colman
80%
2011-12Gustavo Colman
80%
2014-15Óscar Cardozo
78.1%
2008-09Egemen Korkmaz
75.5%
2009-10Egemen Korkmaz
75.5%
2010-11Egemen Korkmaz
75.5%
2007-08Serkan Balcı
74.2%
2008-09Serkan Balcı
74.2%
2009-10Serkan Balcı
74.2%
2010-11Serkan Balcı
74.2%
2011-12Serkan Balcı
74.2%
2012-13Serkan Balcı
74.2%
2016-17Okay Yokuşlu
73.2%
2016-17Dame N'Doye
72.2%
Season Player % Correct
2015-16Mustafa Yumlu
70.7%
2015-16Yusuf Erdoğan
70.7%
2017-18Okay Yokuşlu
70.3%
2015-16Aykut Demir
69.9%
2013-14José Bosingwa
68.4%
2014-15José Bosingwa
68.4%
2015-16Okay Yokuşlu
68.3%
2004-05Hüseyin Çimşir
65.8%
2005-06Hüseyin Çimşir
65.8%
2006-07Hüseyin Çimşir
65.8%
2007-08Hüseyin Çimşir
65.8%
2008-09Hüseyin Çimşir
65.8%
2008-09Hrvoje Čale
65.2%
2009-10Hrvoje Čale
65.2%
2009-10Alanzinho
65.2%
2010-11Hrvoje Čale
65.2%
2010-11Alanzinho
65.2%
2010-11Jajá Coelho
65.2%
2011-12Alanzinho
65.2%
2017-18João Pereira
64.9%
2012-13Mustafa Yumlu
63.9%
2013-14Mustafa Yumlu
63.9%
2013-14Aykut Demir
63.2%
2014-15Aykut Demir
63.2%
2016-17Emmanuel Mas
62.9%
2008-09Rigobert Song
62.6%
2009-10Rigobert Song
62.6%
2013-14Yusuf Erdoğan
62.6%
2014-15Yusuf Erdoğan
62.6%
2017-18Juraj Kucka
62.2%
2005-06Jefferson
61.9%
2016-17Ogenyi Onazi
60.8%
2016-17Ján Ďurica
59.8%
2011-12Didier Zokora
59.4%
2012-13Didier Zokora
59.4%
2013-14Didier Zokora
59.4%
2015-16Mehmet Ekici
59.3%
2009-10Ceyhun Gülselam
58.7%
2013-14Florent Malouda
58.1%
2009-10Giray Kaçar
56.8%
2010-11Giray Kaçar
56.8%
2011-12Giray Kaçar
56.8%
2012-13Giray Kaçar
56.8%
2016-17Zeki Yavru
56.7%
2004-05Michael Petkovic
56.1%
2004-05Mirosław Szymkowiak
55.5%
2005-06Mirosław Szymkowiak
55.5%
2008-09Gökhan Ünal
53.5%
2014-15Mehmet Ekici
53.5%
2015-16Özer Hurmacı
52.8%
2006-07Hasan Üçüncü
52.3%
2016-17Uğur Demirok
50.5%
2016-17Fabián Castillo
50.5%
2015-16Luis Pedro Cavanda
48.8%
2017-18Uğur Demirok
48.6%
Season Player % Correct
2012-13Olcan Adın
47.7%
2013-14Zeki Yavru
47.7%
2013-14Olcan Adın
47.7%
2014-15Özer Hurmacı
47.1%
2004-05Tolga Seyhan
45.2%
2011-12Halil Altıntop
43.9%
2012-13Halil Altıntop
43.9%
2017-18Tomáš Hubočan
43.2%
2011-12Adrian Mierzejewski
43.2%
2012-13Adrian Mierzejewski
43.2%
2013-14Adrian Mierzejewski
43.2%
2014-15Carl Medjani
43.2%
2008-09Tony Sylva
41.9%
2011-12Ondřej Čelůstka
40.6%
2012-13Ondřej Čelůstka
40.6%
2014-15Hakan Arıkan
38.7%
2004-05Celaleddin Kocak
37.4%
2005-06Celaleddin Kocak
37.4%
2006-07Celaleddin Kocak
37.4%
2005-06Adem Koçak
36.8%
2006-07Çağdaş Atan
36.8%
2007-08Çağdaş Atan
36.8%
2005-06Tayfun Cora
36.1%
2007-08Tayfun Cora
36.1%
2013-14Paulo Henrique
34.8%
2015-16Marko Marin
34.1%
2004-05Eul-Yong Lee
33.5%
2005-06Eul-Yong Lee
33.5%
2006-07Ersen Martin
32.9%
2004-05Erdinç Yavuz
32.3%
2005-06Erdinç Yavuz
32.3%
2007-08Erdinç Yavuz
32.3%
2007-08Ayman
32.3%
2011-12Marek Čech
32.3%
2004-05Emrah Eren
29%
2005-06Emrah Eren
29%
2012-13Marek Sapara
24.5%
2012-13Yasin Öztekin
24.5%
2006-07Milan Stepanov
22.6%
2014-15Salih Dursun
21.3%
2007-08Mustafa Keçeli
16.8%
2014-15Fatih Atik
15.5%
2006-07Ferhat Çökmüş
12.3%
2006-07Musa Büyük
11%
2018-19Uğurcan Çakır
0%
2018-19Zargo Touré
0%
2018-19Majid Hosseini
0%
2018-19Hüseyin Türkmen
0%
2018-19Filip Novák
0%
2018-19Abdülkadir Ömür
0%
2018-19José Sosa
0%
2018-19Yusuf Yazıcı
0%
2018-19Caleb Ekuban
0%
2018-19Hugo Rodallega
0%
2018-19Anthony Nwakaeme
0%

You're not logged in!

Compare scores with friends on all Sporcle quizzes.
OR
Log In

Show Comments

Extras

Created Aug 31, 2015SourceReportNominate
Tags:player, season, team, XIs

Top Quizzes Today


Score Distribution

Your Account Isn't Verified!

In order to create a playlist on Sporcle, you need to verify the email address you used during registration. Go to your Sporcle Settings to finish the process.

Report this User

Report this user for behavior that violates our Community Guidelines.

Details: